10+ Belgium Caps Since 2000 - Statistics

General Stats
  • This quiz has been taken 150 times
  • The average score is 35 of 92
Answer Stats
Debut Last Most Apps For Pos Player Cps Gls % Correct
2010 Manchester City AM Kevin De Bruyne 99 26
97%
2008 2022 Chelsea LW Eden Hazard 124 33
96%
2010 Everton ST Romelu Lukaku 112 82
96%
2011 Real Madrid GK Thibaut Courtois 102
96%
2013 Borussia Mönchengladbach LW Thorgan Hazard 47 9
96%
2007 Tottenham Hotspur CB Jan Vertonghen 151 10
94%
2004 2019 Manchester City CB Vincent Kompany 86 4
92%
2009 2022 Tottenham Hotspur CB Toby Alderweireld 125 5
91%
2011 Napoli LW Dries Mertens 108 21
89%
2015 Atlético Madrid LW Yannick Carrasco 74 11
89%
2006 2021 Arsenal CB Thomas Vermaelen 83 2
84%
2008 Standard Liège DM Axel Witsel 129 12
82%
2007 2018 Everton CM Marouane Fellaini 85 18
82%
2006 2018 Tottenham Hotspur CM Mousa Dembélé 81 5
82%
2016 Leicester City CM Youri Tielemans 67 7
82%
2014 2022 Liverpool ST Divock Origi 30 3
79%
2011 2022 Club Brugge GK Simon Mignolet 34
77%
2001 2014 Bayern Munich CB Daniel Van Buyten 83 10
76%
2010 Crystal Palace ST Christian Benteke 44 17
72%
2013 Club Brugge RB Thomas Meunier 66 8
72%
2009 2018 Roma CM Radja Nainggolan 30 6
71%
2020 Wolfsburg GK Koen Casteels 10
70%
2020 Brighton & Hove Albion LW Leandro Trossard 34 9
69%
2007 2018 Everton RW Kevin Mirallas 59 10
68%
2018 Leicester City RB Timothy Castagne 43 2
67%
2020 Rennes RW Jérémy Doku 22 2
66%
2022 Everton DM Amadou Onana 13
65%
2015 Standard Liège ST Michy Batshuayi 55 27
65%
2011 2021 Twente LW Nacer Chadli 65 7
65%
2022 Leicester City CB Wout Faes 15
62%
2015 Lyon CB Jason Denayer 35 1
56%
2020 Milan RW Alexis Saelemaekers 12 1
53%
2014 2022 Real Sociedad RW Adnan Januzaj 14 1
52%
2018 Club Brugge AM Hans Vanaken 23 5
52%
2020 Club Brugge ST Charles De Ketelaere 15 2
48%
2023 PSV RW Johan Bakayoko 12 1
46%
2010 Celtic CB Dedryck Boyata 31
44%
2020 Hertha Berlin RW Dodi Lukebakio 15 2
43%
2015 Anderlecht DM Leander Dendoncker 32 1
39%
2022 Vitesse ST Loïs Openda 17 2
39%
2021 Rennes CB Arthur Theate 15
38%
2022 Stuttgart DM Orel Mangala 15
37%
1997 2009 Schalke ST Émile Mpenza 35 13
34%
1997 2007 Anderlecht ST Mbo Mpenza 40 3
34%
2014 Anderlecht CM Dennis Praet 15 2
32%
1990 2002 Schalke AM Marc Wilmots 27 13
32%
2006 2017 Standard Liège CM Steven Defour 50 2
32%
2001 2016 Club Brugge DM Timmy Simons 94 6
31%
2006 2016 Zenit CB Nicolas Lombaerts 37 3
28%
2001 2010 Genk ST Wesley Sonck 54 24
23%
2010 2018 Standard Liège CB Laurent Ciman 19 1
20%
2009 2013 Genk ST Jelle Vossen 11 2
19%
2004 2014 Anderlecht RB Anthony Vanden Borre 28 1
18%
2004 2011 Anderlecht GK Silvio Proto 13
17%
1999 2008 Anderlecht LM Bart Goor 66 11
16%
2007 2016 Anderlecht DM Guillaume Gillet 21 1
15%
2016 Reims RB Thomas Foket 10 1
14%
1996 2005 Club Brugge RB Éric Deflandre 39
11%
1993 2002 Lierse CB Eric Van Meir 17
11%
2004 2008 Auxerre ST Luigi Pieroni 25 2
11%
2006 2009 Club Brugge GK Stijn Stijnen 30
11%
2003 2008 Bologna DM Gaby Mudingayi 17
10%
1994 2002 Club Brugge RW Gert Verheyen 26 8
10%
2008 2014 Standard Liège LB Sébastien Pocognoli 13
10%
2002 2013 Genk RW Thomas Buffel 34 6
10%
1998 2002 Lierse ST Bob Peeters 11 4
9%
1999 2006 Beveren GK Geert De Vlieger 38
9%
2003 2014 Standard Liège LB Jelle Van Damme 30
9%
1991 2002 Anderlecht CM Johan Walem 17 1
9%
1999 2002 Gent RB Jacky Peeters 13
8%
1995 2004 Club Brugge AM Sven Vermant 16
7%
2008 2009 Anderlecht ST Tom De Sutter 14
7%
1999 2005 Anderlecht CM Walter Baseggio 24 1
7%
1999 2005 Anderlecht DM Yves Vanderhaeghe 40 2
7%
1999 2002 Genk ST Branko Strupar 12 1
6%
1997 2003 Celtic CB Joos Valgaeren 19
6%
2005 2007 Genk ST Kevin Vandenbergh 13 3
6%
2003 2014 Anderlecht CB Olivier Deschacht 20
6%
1994 2006 Standard Liège LB Philippe Léonard 13
6%
2005 2009 Club Brugge CM Karel Geraerts 20 4
5%
2001 2007 Club Brugge LB Peter Van der Heyden 21 1
5%
1998 2007 Club Brugge CB Philippe Clement 28 1
5%
1999 2008 Lierse CB Carl Hoefkens 18 1
4%
1989 2002 Anderlecht LM Danny Boffin 12
4%
2001 2004 Germinal Beerschot LB Didier Dheedene 12
4%
2006 2009 Vitesse RB Gill Swerts 17 1
4%
1993 2002 Anderlecht CB Glen De Boeck 13 1
4%
2002 2007 Genk LM Koen Daerden 10 3
4%
1996 2002 Lierse CB Nico Van Kerckhoven 20 1
4%
2002 2005 Club Brugge RB Olivier De Cock 11
3%
2004 2009 Lierse ST Stein Huysegems 16
3%
2004 2005 Standard Liège DM Roberto Bisconti 13
2%
No matching quizzes found
Score Distribution
Percent of People with Each Score
Percentile by Number Answered
Your Score History
You have not taken this quiz